Bloodborne Old Hunter NPCs - Statistics

General Stats
  • This quiz has been taken 11 times
  • The average score is 5 of 23
Answer Stats
Hint Answer % Correct
Central Yharnam/Cathedral Ward Eileen the Crow
86%
Old Yharnam Retired Hunter Djura
86%
Old Hunter Henryk
71%
Cathedral Ward Vileblood Hunter Alfred
43%
Oedon Tomb Father Gascoigne
29%
Astral Clocktower Lady Maria of the Astral Clocktower
29%
Old Hunter Henriett
29%
Yahargul Defector Antal
14%
Nightmare Church Ludwig the Accursed
14%
Mensis Scholar Damian
14%
Older Madaras Twin
14%
Chalice Dungeons Tomb Prospector Olek
14%
Forbidden Woods Valtr, Master of the League
14%
Yamamura the Wanderer
14%
Younger Madaras Twin
14%
Beastclaw Josef
0%
Brador, Church Assassin
0%
Madman Wallar
0%
Old Hunter Vitus
0%
Queen Killer
0%
Hunter's Nightmare Simon, Seeker of Secrets
0%
Tomb Prospector Gremia
0%
Byrgenwerth Yurie the Last Scholar
0%
No matching quizzes found
Score Distribution
Percent of People with Each Score
Percentile by Number Answered
Your Score History
You have not taken this quiz